000 00700nam a22002177a 4500
010 _a686957
020 _c25.00
035 _a686957
037 _bCen Lib / Ret
040 _aDPL
_bEN
082 _a040
_bPAT
100 _aPatel's, Sardar
245 _aSardar Patel's correspondence, 1945-50 /
_cby Sardar Patel's ; edited by Durga Das
260 _aAhmedabad
_bNavajivan Publishing House
_c1972
270 _aNavajivan Publishing House
_bAhmedabad
300 _av 3. (xlix, 394p)
_b27cm(Hb)
650 _aPatel, Vallabhbhai, -- 1875-1950.
650 _aIndia -- Politics and government -- 1919-1947 -- Sources.
700 _aDas, Durga
942 _2ddc
_cEN
_h040
_mPAT
999 _c136836
_d136836